000 00620nam a2200229Ia 4500
001 8784
003 GE_BSU
008 181216s||||||||xx |||||||||||||| ||und||
040 _cGE_BSU
080 _a821.353.1–11
100 _aთავაძე,სოლომონ
245 _aმზია ლაური
245 _bპოემა
245 _cრედ:შ.რადიანი
260 _aთბილისი
260 _bსაბლიტგამი
260 _c1939
300 _a63გვ.13სმ
653 _aმზია ლაური
653 _aპოემა
942 _cBK
999 _c42094
_d42094